| 000 | 00458nam a2200109Ia 4500 | ||
|---|---|---|---|
| 008 | 220615s9999||||xx |||||||||||||| ||und|| | ||
| 245 | 0 |
_aBreast Cancer Gene Research and Medical Practices _bTransnational Perspectives in the Time of BRCA |
|
| 546 | _aEnglish[eng] | ||
| 650 | _aSociety and culture: general||Social and cultural anthropology||Sociology | ||
| 700 | _aGibbon, Sahra||Joseph, Galen||Mozersky, Jessica||zur Nieden, Andrea||Palfner, Sonja | ||
| 942 | _cEB | ||
| 999 |
_c8979 _d8979 |
||